Role of Public Libraries in Changing Society: (Record no. 208351)
[ view plain ]
| 000 -LEADER | |
|---|---|
| fixed length control field | 00804nam a22002297a 4500 |
| 005 - DATE AND TIME OF LATEST TRANSACTION | |
| control field | 20250110110631.0 |
| 010 ## - LCCN (DPL NO) | |
| LC control number | ENG-143293 |
| 020 ## - INTERNATIONAL STANDARD BOOK NUMBER | |
| Terms of availability | 3600.00 |
| International Standard Book Number | 9788119448081 |
| 035 ## - SYSTEM CONTROL NUMBER | |
| System control number | EN-126825 |
| 037 ## - SOURCE OF ACQUISITION | |
| Source of stock number/acquisition | DBAD |
| 082 ## - DEWEY DECIMAL CLASSIFICATION NUMBER | |
| Classification number | 027.4 |
| 245 ## - TITLE STATEMENT | |
| Title | Role of Public Libraries in Changing Society: |
| Remainder of title | Challenges and opportunities/ |
| Statement of responsibility, etc | Edited By Bibhash Kumar Mishra...[et.al] |
| 250 ## - EDITION STATEMENT | |
| Edition statement | 1 |
| 260 ## - PUBLICATION, DISTRIBUTION, ETC. (IMPRINT) | |
| Place of publication, distribution, etc | New Delhi |
| Name of publisher, distributor, etc | Shree Publishers & Distributors |
| Date of publication, distribution, etc | 2024 |
| 270 ## - ADDRESS | |
| City | New Delhi |
| Address | 4637/20, Ansari Road, Darya Ganj |
| Postal code | 110002 |
| 300 ## - PHYSICAL DESCRIPTION | |
| Extent | xii,324p. |
| Dimensions | 24cm(hb) |
| 700 ## - ADDED ENTRY--PERSONAL NAME | |
| Personal name | Mishra, Bibhash Kumar |
| Relator term | Editor |
| 9 (RLIN) | 76321 |
| 700 ## - ADDED ENTRY--PERSONAL NAME | |
| Personal name | Malviya, Rama Nand |
| Relator term | Editor |
| 9 (RLIN) | 76322 |
| 700 ## - ADDED ENTRY--PERSONAL NAME | |
| Personal name | Jha, Anand Anjali |
| Relator term | Editor |
| 9 (RLIN) | 76323 |
| 700 ## - ADDED ENTRY--PERSONAL NAME | |
| Personal name | Dwivedi, Manoj Kumar |
| Relator term | Editor |
| 9 (RLIN) | 76324 |
| 942 ## - ADDED ENTRY ELEMENTS (KOHA) | |
| Source of classification or shelving scheme | Dewey Decimal Classification |
| Item type | English Books |
| Classification part | 027.4 |
| Call number suffix | ROL |
| Withdrawn status | Lost status | Not for loan | Collection code | Home library | Current library | Date acquired | Source of acquisition | Cost, normal purchase price | Full call number | Barcode | Copy number | Cost, replacement price | Koha item type |
|---|---|---|---|---|---|---|---|---|---|---|---|---|---|
| Not For Loan | Reference | Central Library | Central Library | 10/01/2025 | Delivery of Books Act Division | 3600.00 | 027.4 ROL | EN-126825 | 1 | 3600.00 | English Books |
